000 00592nam a2200157 i 4500
001 bg
245 0 _aKatalog Nakładów Rzeczowych nr 7-09. Rurociągi technologiczne i armatura /
_cMin. Budownictwa, Gospodarki Przestrzennej i Komunalnej ; [Centralny Ośr. Badawczo-Projektowy Konstrukcji Metalowych MOSTOSTAL]. Cz.2: Montaż rurociągów, kształtek i armatury.
254 _aKNR7-09
260 _aWarszawa :
_bWydawnictwa Akcydensowe,
_c1987.
650 9 _arurociągi
650 9 _amontaż
040 _cBPK
041 _apl
942 _cKA
008 s pl f |000 0 pol
999 _c24109
_d24109
856 _uhttp://koha.tu.koszalin.pl/cgi-bin/koha/opac-detail.pl?biblionumber=24109
_yKatalog online BPK